পরীবিবি ও রক্তাক্ত লালবাগ দুর্গ / (Record no. 29744)

MARC details
000 -LEADER
fixed length control field 00699nam a22002057a 4500
003 - CONTROL NUMBER IDENTIFIER
control field BDDh-ASL
005 - DATE AND TIME OF LATEST TRANSACTION
control field 20231015031049.0
008 - FIXED-LENGTH DATA ELEMENTS--GENERAL INFORMATION
fixed length control field 210923s2000 b ||||| |||| 00| 0 b d
040 ## - CATALOGING SOURCE
Transcribing agency BDDh-ASL
041 ## - LANGUAGE CODE
Language code of text/sound track or separate title ben
082 ## - DEWEY DECIMAL CLASSIFICATION NUMBER
Classification number 930.109
Item number KAP
100 ## - MAIN ENTRY--PERSONAL NAME
Personal name করিম, ফওজুল
9 (RLIN) 1071
245 10 - TITLE STATEMENT
Title পরীবিবি ও রক্তাক্ত লালবাগ দুর্গ /
246 ## - VARYING FORM OF TITLE
Title proper/short title Poribibi O Roktactto Lalbag Durga
260 ## - PUBLICATION, DISTRIBUTION, ETC.
Place of publication, distribution, etc. ঢাকা:
Name of publisher, distributor, etc. দিব্য প্রকাশ,
Date of publication, distribution, etc. ২০০০।
300 ## - PHYSICAL DESCRIPTION
Extent ৬৪ পৃষ্ঠা, :
Dimensions ২২ সে. মি.
650 #0 - SUBJECT ADDED ENTRY--TOPICAL TERM
9 (RLIN) 4538
Topical term or geographic name entry element history of Lalbagh Fort
650 #0 - SUBJECT ADDED ENTRY--TOPICAL TERM
9 (RLIN) 1349
Topical term or geographic name entry element History
942 ## - ADDED ENTRY ELEMENTS (KOHA)
Source of classification or shelving scheme Dewey Decimal Classification
Koha item type Books
Holdings
Withdrawn status Lost status Source of classification or shelving scheme Damaged status Not for loan Collection code Home library Current library Shelving location Date acquired Source of acquisition Total Checkouts Full call number Barcode Date last seen Copy number Price effective from Koha item type
    Dewey Decimal Classification     Non-fiction Asiatic Society Library Asiatic Society Library General Stacks 12/20/2022 Donated by Mr. Anupom Hayat   930.109 KAP 118010 12/20/2022 C-1 12/20/2022 Books

Powered by Koha